|
|
|
|
| LEADER |
01014pam a22002658a 4500 |
| 001 |
00000469 |
| 005 |
20171026081022.0 |
| 008 |
110321s1978 ||||||Viesd |
| 041 |
0 |
# |
|a Vie
|
| 082 |
1 |
4 |
|a 181
|b V250V
|
| 245 |
0 |
0 |
|a Về vấn đề xây dựng con người mới
|c Phạm Như Cương...[và nh.ng.khác]
|
| 260 |
# |
# |
|a H.
|b Khoa học xã hội
|c 1978
|
| 300 |
# |
# |
|a 563 tr.
|c 19 cm.
|
| 500 |
# |
# |
|a ĐTTS ghi: Ủy ban khoa học xã hội Việt Nam. Viện Triết học
|
| 650 |
# |
4 |
|a Triết học
|
| 653 |
# |
# |
|a Con người mới
|
| 653 |
# |
# |
|a Triết học
|
| 653 |
# |
# |
|a Xã hội học
|
| 700 |
1 |
# |
|a Trần Côn
|
| 852 |
# |
# |
|b Kho mượn
|j KM.0000845, KM.0011998, KM.0010372, KM.0000439, KM.0000440
|
| 852 |
# |
# |
|b Kho đọc
|j KD.0000590
|
| 852 |
# |
# |
|j KD.0000590
|j KM.0011998
|j KM.0000439
|j KM.0000440
|j KM.0010372
|j KM.0000845
|
| 910 |
|
|
|d 21/03/2011
|
| 980 |
# |
# |
|a Trung tâm Học liệu Lê Vũ Hùng, Trường Đại học Đồng Tháp
|